| 000 | 00822nam a2200241Ia 4500 | ||
|---|---|---|---|
| 003 | OSt | ||
| 005 | 20250128120904.0 | ||
| 008 | 210719s2008 xx 000 0 und d | ||
| 040 | _cAL | ||
| 041 | _aKannada | ||
| 082 | _aK894.8 PUSD | ||
| 100 |
_aPUSTAKA LOKADA ANANYARU _dಪುಸ್ತಕ ಲೋಕದ ಅನನ್ಯರು _9195819 |
||
| 245 |
_aD V K Murthy _b ಡಿ ವಿ ಕೆ ಮೂರ್ತಿ |
||
| 260 |
_aBengaluru _bAbhinava Prakashana _c2008 |
||
| 300 |
_ax-38 _bPB |
||
| 365 | _cRs | ||
| 440 |
_aChi Shreenivasaraju Nenapina Pustaka-4 _9195820 |
||
| 650 |
_aKannada Miscellaneous _9195821 |
||
| 650 |
_aKannada Miscellaneous _9195821 |
||
| 700 |
_aBharatidevi (P) _dಪಿ ಭಾರತಿದೇವಿ _9195822 |
||
| 906 | _aBharatidevi ; by ; Di ; Ed ; Ke ; Murthy ; Pi ; Vi | ||
| 942 |
_2ddc _cBK |
||
| 999 |
_c214986 _d214986 |
||